Statystyki dla Zawodnicy którzy wygrali choć jeden turniej Speedway Grand Prix

Kliknij tutaj aby rozwiązać quiz!

Ogólne statystyki

  • Ten quiz został rozwiązany 148 razy
  • Średni wynik to 27 z 45

Statystyki odpowiedzi

PAŃSTWOZAWODNIK% Poprawnych
PolskaBartosz Zmarzlik
96%
Wielka BrytaniaTai Woffinden
92%
PolskaMaciej Janowski
88%
PolskaTomasz Gollob
88%
AustraliaChris Holder
85%
PolskaPatryk Dudek
85%
Polska/NorwegiaRune Holta
85%
RosjaArtiom Łaguta
84%
USAGreg Hancock
83%
DaniaNicki Pedersen
83%
AustraliaJason Doyle
82%
PolskaJarosław Hampel
79%
DaniaLeon Madsen
79%
SłowacjaMartin Vaculik
76%
SzwecjaFredrik Lindgren
75%
AustraliaJason Crump
73%
SłoweniaMatej Zagar
72%
SzwecjaTony Rickardsson
70%
PolskaKrzysztof Kasprzak
65%
DaniaHans Nielsen
63%
NiemcyMartin Smolinski
63%
USABilly Hamill
59%
PolskaJanusz Kołodziej
58%
AustraliaLeigh Adams
58%
Wielka BrytaniaMark Loram
58%
SzwecjaAndreas Jonsson
56%
Wielka BrytaniaDaniel Bewley
55%
RosjaEmil Sayfutdinov
55%
AustraliaMax Fricke
54%
PolskaAdrian Miedziński
53%
Wielka BrytaniaChris Harris
50%
PolskaPiotr Pawlicki
49%
DaniaNiels Kristian Iversen
45%
AustraliaDarcy Ward
43%
SzwecjaAntonio Lindbaeck
42%
AustraliaRyan Sullivan
42%
DaniaAnders Thomsen
39%
DaniaMichael Jepsen Jensen
38%
DaniaHans Andersen
34%
DaniaBjarne Pedersen
33%
DaniaKenneth Bjerre
33%
DaniaPeter Kildemand
24%
DaniaTommy Knudsen
12%
Wielka BrytaniaMartin Dugard
10%
DaniaBrian Andersen
7%

Rozkład punktacji

Percentyl według liczby udzielonych odpowiedzi

Procent ludzi z każdym wynikiem

Twoja historia wyników

Nie rozwiązałeś tego quizu